000
00313nam a2200109Ia 4500
008
171211s9999 xx 000 0 und d
245
_a
Water Transmission and Distribution
245
_c
Larry Mays
260
_c
2010
650
_x
Engineering and Technology
856
_u
http://down.ebook777.com/064/1583217819.pdf
999
_c
350307
_d
350307